| 000 | 00995nam a2200181Ia 4500 | ||
|---|---|---|---|
| 008 | 090124s9999 xx 000 0 und d | ||
| 082 | _b130804 | ||
| 100 | _aनगर्सेकर सुरेश / नगर्सेकर अमिता | ||
| 245 | _a रसांद्वारे रोगनिवारण ( निसर्गोपचाराचा प्रभावी मंत्र ) | ||
| 250 | _a1 | ||
| 260 | _c2002 | ||
| 300 | _a63 | ||
| 600 | _aनगर्सेकर सुरेश / नगर्सेकर अमिता | ||
| 630 | _a रसांद्वारे रोगनिवारण ( निसर्गोपचाराचा प्रभावी मंत्र ) | ||
| 700 | _aनगर्सेकर सुरेश / नगर्सेकर अमिता | ||
| 730 | _a रसांद्वारे रोगनिवारण ( निसर्गोपचाराचा प्रभावी मंत्र ) | ||
| 942 | _cBOOK | ||
| 999 |
_c176893 _d176893 |
||